Geschichte nach Buchstabe - R - Statistiken

Allgemein
  • Dieses Quiz wurde 7.394 mal gespielt
  • Das Durchschnittsergebnis liegt bei 10 aus 20
Antwortstatistiken
Hinweis Antwort % Korrekt
Land, das weder Napoleon noch Hitler erobern konnten Russland
98%
Mittelalterlicher, bewaffneter Krieger Ritter
88%
Wahrscheinlich die wichtigste Stadt in der westlichen Geschichte Rom
83%
Kulturelle "Wiedergeburt", die im 14. Jahrhundert in Italien begann Renaissance
79%
Deutsches Parlamentshaus, das 1933 niedergebrannt wurde Reichstag
77%
Wo Hutus 1994 Tutsis abschlachteten Ruanda
70%
Terroristische Vereinigung, u.a. verantwortlich für die Schleyer-Entführung RAF
67%
Nachname zweier US-Präsidenten Roosevelt
64%
Maler des niederländischen Goldenen Zeitalters Rembrandt
61%
Internationale jüdische Bankiersfamilie Rothschild
51%
"Großer" Pharao, manchmal auch als Ozymandias bekannt Ramses II.
49%
Ehemaliger Name Simbabwes Rhodesien
40%
Ölbaron und erster Milliardär (in $) John D. Rockefeller
39%
Berühmter Fluss, der von Caesar überquert wurde Rubikon
37%
Erster Minister von Ludwig XIII. Kardinal {Richelieu}
27%
Hauptstadt der Konföderation Richmond
25%
König, der 1328 die schottische Unabhängigkeit wiederherstellte Robert I.
17%
Entdecker und Günstling der englischen Königin Elisabeth I. Sir Walter Raleigh
13%
Erster Schwarzer in der Major League Baseball Jackie Robinson
6%
Feinde der Kavaliere während des Englischen Bürgerkriegs Roundheads
5%
Keine übereinstimmenden Quizze gefunden
Verteilung der Resultate
Anzahl Personen mit jedem Resultat
Perzentil nach korrekt beantworteten Fragen
Ihre Resultats-Entwicklung
Sie haben dieses Quiz noch nicht gespielt